Plant genome analysis (Record no. 41386)

MARC details
000 -LEADER
fixed length control field 00644nam a2200229Ia 4500
082 ## - DEWEY DECIMAL CLASSIFICATION NUMBER
Classification number 575.113:58/581
Item number GRE;1
100 ## - MAIN ENTRY--AUTHOR NAME
Personal name Gresshoff, Peter M
245 #0 - TITLE STATEMENT
Title Plant genome analysis
260 ## - PUBLICATION, DISTRIBUTION, ETC. (IMPRINT)
Place of publication Florida
Name of publisher C R C Press
Year of publication 1994
490 ## - SERIES STATEMENT
Series statement Current topics in plant molecular biology
650 ## - SUBJECT ADDED ENTRY--TOPICAL TERM
Topical Term Cytoplasmic male sterility
650 ## - SUBJECT ADDED ENTRY--TOPICAL TERM
Topical Term D N A amplification
650 ## - SUBJECT ADDED ENTRY--TOPICAL TERM
Topical Term D N A patenting
650 ## - SUBJECT ADDED ENTRY--TOPICAL TERM
Topical Term Genome mapping
650 ## - SUBJECT ADDED ENTRY--TOPICAL TERM
Topical Term Molecular breeding
650 ## - SUBJECT ADDED ENTRY--TOPICAL TERM
Topical Term Molecular markers
650 ## - SUBJECT ADDED ENTRY--TOPICAL TERM
Topical Term Plant telomeres
650 ## - SUBJECT ADDED ENTRY--TOPICAL TERM
Topical Term RAPD markers
650 ## - SUBJECT ADDED ENTRY--TOPICAL TERM
Topical Term Soybean genetics
942 ## - ADDED ENTRY ELEMENTS (KOHA)
Koha item type Books
Holdings
Withdrawn status Lost status Damaged status Not for loan Home library Current library Date acquired Cost, normal purchase price Full call number Accession Number Koha item type
        RRII Library RRII Library 16/12/2021 59.95 575.113:58/581 GRE;1 21673 Books